| Tag |
First Indicator |
Second Indicator |
Subfields |
| LEADER |
00000cam a2200000 a 4500 |
| 001 |
in00000086664 |
| 005 |
20151008062711.0 |
| 007 |
hd af| b||| |
| 008 |
820921r1957 miu ab 00010 eng c |
| 010 |
|
|
|a mic58004619
|
| 035 |
|
|
|a (OCoLC)08794082
|
| 035 |
|
|
|9 AAK0763AM
|
| 040 |
|
|
|a Pittsburgh Univ. Libr.
|c TXA
|d TXA
|d UtOrBLW
|
| 043 |
|
|
|a n-us-pa
|
| 049 |
|
|
|a TXAI
|
| 099 |
|
|
|a film
|a B
|a 584
|
| 100 |
1 |
|
|a Fike, Iris Linn,
|d 1918-
|
| 245 |
1 |
0 |
|a Historical development of vocational industrial education programs of secondary grade level in public schools of Pennsylvania from 1900 to 1954 /
|c by Iris Linn Fike.
|
| 264 |
|
1 |
|a [Place of publication not identified] :
|b [publisher not identified] ;
|c 1957.
|
| 300 |
|
|
|a vii, 245 unnumbered leaves.
|
| 336 |
|
|
|a text
|b txt
|2 rdacontent
|
| 337 |
|
|
|a microform
|b h
|2 rdamedia
|
| 338 |
|
|
|a microfilm reel
|b hd
|2 rdacarrier
|
| 500 |
|
|
|a Vita.
|
| 502 |
|
|
|b Ph. D.
|c University of Pittsburgh
|d 1957.
|
| 504 |
|
|
|a Bibliography: leaves 241-243.
|
| 533 |
|
|
|a Microfilm.
|b Ann Arbor, Mich. :
|c University Microfilms,
|d [1957?]
|e 1 microfilm reel ; 35 mm.
|
| 500 |
|
|
|a Microform.
|
| 650 |
|
0 |
|a Vocational education
|z Pennsylvania.
|
| 650 |
|
0 |
|a Technical education
|z Pennsylvania.
|
| 999 |
|
|
|a MARS
|
| 999 |
f |
f |
|s b5f3683d-196a-3210-8918-29f7ff2ef539
|i 6ba198e4-ae75-3c0c-be54-a268589e20a2
|t 0
|
| 952 |
f |
f |
|p default
|a Texas A&M University
|b College Station
|c Sterling C. Evans Library
|d Evans: Microforms (3rd floor)
|t 0
|e film B 584
|h Other scheme
|i microform -- microfilm reel
|
| 998 |
f |
f |
|a film B 584
|t 0
|l Evans: Microforms (3rd floor)
|